000 00786cam a2200277 4500500
005 20260405003033.0
041 _afre
042 _adc
100 1 0 _aRontard, Yseult
_eauthor
245 0 0 _aCovid-19. Les philosophes face à l’épidémie
260 _c2020.
500 _a97
690 _aCoronavirus
690 _aCovid-19
690 _aCrise
690 _aÉpidémie
690 _aHartmut Rosa
690 _aJulian Baggini
690 _aMarcel Gauchet
690 _aPaola Cavalieri
690 _aPeter Singer
690 _aSanté
690 _aSlavoj Žižek
786 0 _nPhilosophie magazine | 138 | 4-5 | 2020-04-01 | p. 5-5 | 1951-1787
856 4 1 _uhttps://shs.cairn.info/magazine-philosophie-magazine-2020-4-5-page-5?lang=fr&redirect-ssocas=7080
999 _c2063780
_d2063780